000 01072cam a22002531i 4500
003 SA-RiAUC
005 20241010085129.0
008 241009s1961 sy g 00000 ara c
040 _aSA-JeALM
_bara
_cSA-RiAUC
_erda
082 0 4 _a256.9
_qSA-RiAUC
090 _a256.9
_b ا ب ن ق
100 1 _aابن قيم الجوزية، محمد بن أبي بكر بن أيوب،
_d691-751 هجري
_eمؤلف.
245 1 0 _aشرح الشروط العمرية مجردا من كتاب أحكام أهل الذمة /
_cابن قيم الجوزية ؛ تحقيق وتعليق صبحي الصالح.
250 _aالطبعة الثانية
264 1 _aبيروت :
_bدار العلم الملايين
_c1981
300 _a264 صفحة ؛
_c23 سم
336 _aنص
_btxt
_2rdacontent
_3كتاب
337 _aبدون وسيط
_bn
_2rdamedia
338 _aمجلد
_bnc
_2rdacarrier
650 7 _aالسير (فقه إسلامي)
_2aucsh
700 1 _aالصالح، صبحي،
_d1926-1986
_eمحقق.
942 _2ddc
_cBOOK
_n0
949 _aSA-JeALM
_d241009
_umohamedma123
_n1
999 _c1146
_d1146